Municipios de Sevilla - Estadísticas

Estadísticas generales
  • Esta prueba ha sido intentada 20 veces
  • La puntuación promedio es 56 de 106
Estadísticas de respuestas
Municipio % Correcto
Tomares
84%
Lora del Río
79%
Osuna
79%
Utrera
79%
Aznalcázar
74%
Benacazón
74%
Camas
74%
Carmona
74%
Coria del Río
74%
Dos Hermanas
74%
San Juan de Aznalfarache
74%
Sevilla
74%
Alcalá del Río
68%
Bormujos
68%
Cantillana
68%
Guillena
68%
Mairena del Aljarafe
68%
Salteras
68%
Umbrete
68%
Alcalá de Guadaíra
63%
Bollullos de la Mitación
63%
Castilleja de la Cuesta
63%
Cazalla de la Sierra
63%
Espartinas
63%
Gines
63%
Lebrija
63%
Mairena del Alcor
63%
Sanlúcar la Mayor
63%
Villanueva del Ariscal
63%
Almensilla
58%
Aznalcóllar
58%
Constantina
58%
Écija
58%
El Castillo de las Guardas
58%
El Pedroso
58%
El Viso del Alcor
58%
Gelves
58%
Gerena
58%
Isla Mayor
58%
La Rinconada
58%
Las Cabezas de San Juan
58%
Marchena
58%
Olivares
58%
Palomares del Río
58%
Pilas
58%
Tocina
58%
Valencina de la Concepción
58%
Villanueva del Río y Minas
58%
Alcolea del Río
53%
Brenes
53%
Carrión de los Céspedes
53%
Castilleja de Guzmán
53%
Castilleja del Campo
53%
El Coronil
53%
El Garrobo
53%
Huévar del Aljarafe
53%
La Puebla del Río
53%
Los Palacios y Villafranca
53%
Santiponce
53%
Villamanrique de la Condesa
53%
Villaverde del Río
53%
Alanís
47%
Albaida del Aljarafe
47%
Burguillos
47%
Castilblanco de los Arroyos
47%
El Cuervo de Sevilla
47%
El Rubio
47%
Estepa
47%
Gilena
47%
La Algaba
47%
La Campana
47%
Aguadulce
42%
Almadén de la Plata
42%
Arahal
42%
Badolatosa
42%
Casariche
42%
Coripe
42%
El Ronquillo
42%
Fuentes de Andalucía
42%
Lantejuela
42%
La Puebla de Cazalla
42%
La Puebla de los Infantes
42%
Las Navas de la Concepción
42%
Marinaleda
42%
Montellano
42%
Morón de la Frontera
42%
Paradas
42%
Peñaflor
42%
San Nicolás del Puerto
42%
Algámitas
37%
El Madroño
37%
El Palmar de Troya
37%
El Saucejo
37%
Guadalcanal
37%
Herrera
37%
La Luisiana
37%
La Roda de Andalucía
37%
Villanueva de San Juan
37%
Cañada Rosal
32%
El Real de la Jara
32%
Lora de Estepa
32%
Martín de la Jara
32%
Pedrera
32%
Pruna
32%
Los Corrales
26%
Los Morales
21%
No se encontraron pruebas coincidentes
Distribución de puntuación
Porcentaje de gente con cada puntuación
Porcentaje por número respondido
Historial de tus puntuaciones
No has intentado esta prueba.